<?xml version="1.0" encoding="UTF-8"?>
<record
    xmlns:xsi="http://www.w3.org/2001/XMLSchema-instance"
    xsi:schemaLocation="http://www.loc.gov/MARC21/slim http://www.loc.gov/standards/marcxml/schema/MARC21slim.xsd"
    xmlns="http://www.loc.gov/MARC21/slim">

  <leader>01702nam a22002657a 4500</leader>
  <datafield tag="999" ind1=" " ind2=" ">
    <subfield code="c">22133</subfield>
    <subfield code="d">22133</subfield>
  </datafield>
  <controlfield tag="003">AR-CdUCM</controlfield>
  <controlfield tag="008">190605b           ||||| |||| 00| 0 spa d</controlfield>
  <datafield tag="040" ind1=" " ind2=" ">
    <subfield code="a">MUNICIPALIDAD PROVINCIAL DEL CUSCO</subfield>
    <subfield code="c">BIBLIOTECA MUNICIPAL DEL CUSCO</subfield>
  </datafield>
  <datafield tag="082" ind1=" " ind2=" ">
    <subfield code="a">Yachay/N&#xB0;1/2007</subfield>
  </datafield>
  <datafield tag="110" ind1=" " ind2=" ">
    <subfield code="a">Universidad Andina del Cusco</subfield>
    <subfield code="9">768</subfield>
  </datafield>
  <datafield tag="245" ind1=" " ind2=" ">
    <subfield code="a">Yachay :</subfield>
    <subfield code="c">revista cient&#xED;fica de la Universidad Andina del Cusco /</subfield>
  </datafield>
  <datafield tag="260" ind1=" " ind2=" ">
    <subfield code="a">Cusco.</subfield>
    <subfield code="b">Canta,</subfield>
    <subfield code="c">2007.</subfield>
  </datafield>
  <datafield tag="300" ind1=" " ind2=" ">
    <subfield code="a">184 p&#xE1;ginas ;</subfield>
    <subfield code="c">30 cm.</subfield>
  </datafield>
  <datafield tag="440" ind1=" " ind2=" ">
    <subfield code="a">Yachay.</subfield>
    <subfield code="n">Volumen N&#xB0;1, a&#xF1;o 1, 2007.</subfield>
    <subfield code="9">47510</subfield>
  </datafield>
  <datafield tag="505" ind1=" " ind2=" ">
    <subfield code="a">Contenido: Revisi&#xF3;n sobre algunas modificaciones en la Taxonom&#xED;a del g&#xE9;nero salmonella. Ang&#xE9;lica Anchari Morales. -- Efecto antibacteriano in vitro de tres irrigantes endod&#xF3;nticos en soluci&#xF3;n y gel contra el fusiobacterium. -- La neuro educaci&#xF3;n una realidad en las facultades de Educaci&#xF3;n en los pa&#xED;ses desarrollados. -- Afrontamiento en mujeres con c&#xE1;ncer de mama del Hospital de Essalud Cusco. Santiago Monge. -- Pornograf&#xED;a infantil un problema de derechos humanos. Silvia Aguirre Abarca. -- Delincuencia y senectud. Julio Alberto Holgado. -- Influencia cultural en el Desarrollo del Ni&#xF1;o peruano. Ram&#xF3;n Torres. -- Yanantin y Masintin la cosmovisi&#xF3;n andina. Daisy N&#xFA;&#xF1;ez del Prado B&#xE9;jar. -- Perfiles del teatro cusque&#xF1;o. Guido Guevara Ugarte. -- Salud Mental. Ram&#xF3;n Silva. ...</subfield>
  </datafield>
  <datafield tag="650" ind1=" " ind2=" ">
    <subfield code="a">Biolog&#xED;a</subfield>
    <subfield code="9">881</subfield>
  </datafield>
  <datafield tag="650" ind1=" " ind2=" ">
    <subfield code="a">Salud</subfield>
    <subfield code="9">8684</subfield>
  </datafield>
  <datafield tag="650" ind1=" " ind2=" ">
    <subfield code="a">Educaci&#xF3;n</subfield>
    <subfield code="9">460</subfield>
  </datafield>
  <datafield tag="650" ind1=" " ind2=" ">
    <subfield code="a">Derecho</subfield>
    <subfield code="9">739</subfield>
  </datafield>
  <datafield tag="700" ind1=" " ind2=" ">
    <subfield code="a">Anchari Morales, Ang&#xE9;lica</subfield>
    <subfield code="9">47511</subfield>
  </datafield>
  <datafield tag="700" ind1=" " ind2=" ">
    <subfield code="a">N&#xFA;&#xF1;ez del Prado B&#xE9;jar, Daisy</subfield>
    <subfield code="9">47512</subfield>
  </datafield>
  <datafield tag="856" ind1=" " ind2=" ">
    <subfield code="u">https://revistas.uandina.edu.pe/index.php/Yachay/article/view/358/188</subfield>
    <subfield code="z">Leer en digital</subfield>
  </datafield>
  <datafield tag="942" ind1=" " ind2=" ">
    <subfield code="2">ddc</subfield>
    <subfield code="c">PP</subfield>
  </datafield>
  <datafield tag="945" ind1=" " ind2=" ">
    <subfield code="a">vhl</subfield>
  </datafield>
  <datafield tag="952" ind1=" " ind2=" ">
    <subfield code="0">0</subfield>
    <subfield code="2">ddc</subfield>
    <subfield code="4">0</subfield>
    <subfield code="7">0</subfield>
    <subfield code="a">HEM</subfield>
    <subfield code="b">HEM</subfield>
    <subfield code="c">CART</subfield>
    <subfield code="d">2022-03-10</subfield>
    <subfield code="g">5.00</subfield>
    <subfield code="o">Yachay/N&#xB0;1/2007</subfield>
    <subfield code="p">REVC000653</subfield>
    <subfield code="r">2022-03-10</subfield>
    <subfield code="y">PP</subfield>
  </datafield>
</record>
